Detalles MARC
| 000 -LIDER |
| fixed length control field |
01261nam a2200349 a 4500 |
| 001 - NÚMERO DE CONTROL |
| Identificador de número de control |
000337 |
| 003 - IDENTIFICACDOR DE NÚMERO DE CONTROL |
| control field |
DO-SdBNP |
| 005 - DATE AND TIME OF LATEST TRANSACTION |
| control field |
20240730114806.0 |
| 007 - CAMPOS FIJOS DE DESCRIPCIÓN FÍSICA |
| fixed length control field |
000336 |
| 008 - ELEMENTOS DE LONGITUD FIJA |
| fixed length control field |
081127s1984 mx 000 0 spa d |
| 020 ## - ISBN |
| International Standard Book Number |
|
| 040 ## - FUENTE DE CATALOGACIÓN |
| Agencia que crea de manera original el registro |
BPMSU |
| Idioma de catalogación |
spa |
| Agencia que realiza la transcripción |
BPMSU |
| 082 #4 - NÚMERO DE CLASIFICACIÓN DECIMAL DE DEWEY |
| Classification number |
862.3 |
| Item number |
C419l 1984 |
| Edition number |
22 |
| 100 1# - ASIENTO PRINCIPAL -- NOMBRE PERSONAL |
| Nombre personal |
Cervantes Saavedra, Miguel de, |
| Fechas asociadas con el nombre |
1547-1616. |
| 9 (RLIN) |
35 |
| 245 13 - MENCIÓN DE TITULO |
| Título |
El Lazarillo de Tormes ; Los habladores ; El retablo de las maravillas / |
| Mención de responsabilidad |
Miguel de Cervantes Saavedra, adaptación Diego Hurtado de Mendoza |
| 250 ## - MENCIÓN DE EDICION |
| Mención de responsabilidad relacionada con la edición |
|
| 260 ## - PUBLICACIÓN, DISTRIBUCIÓN, ETC. (PIE DE IMPRENTA) |
| Lugar de publicación, distribución, etc |
México : |
| Nombre del editor, distribuidor, etc. |
Editorial Orión, |
| Fecha de publicación, distribución, etc |
1984. |
| 300 ## - DESCRIPCIÓN FÍSICA |
| Extensión |
122 p. ; |
| Dimensiones |
20 cm. |
| 490 0# - MENCIÓN DE SERIES |
| Mención de serie |
Literaria Cervantes |
| 500 ## - NOTA GENERAL |
| Nota general |
|
| 505 0# - NOTA DE CONTENIDO |
| Texto normalizado de contenido |
El Lazarillo de Tormes / |
| Mención de responsabilidad |
Anónimo -- |
| Título |
Los habladores ; El retablo de las maravillas / |
| Mención de responsabilidad |
Miguel de Cervantes. |
| 563 ## - INFORMACIÓN DE LA ENCUADERNACIÓN |
| Nota de la encuadernación |
Tres obras encadernadas juntas con paginación continúa |
| 590 ## - NOTA LOCAL |
| Texto de la nota local |
Inventariado, 2024/VM |
| 650 #4 - ENCABEZAMIENTO DE MATERIA--TEMÁTICO |
| Término temático o nombre geográfico como elemento de entrada |
Teatro español |
| 650 #4 - ENCABEZAMIENTO DE MATERIA--TEMÁTICO |
| Término temático o nombre geográfico como elemento de entrada |
Novela española |
| 650 #4 - ENCABEZAMIENTO DE MATERIA--TEMÁTICO |
| Término temático o nombre geográfico como elemento de entrada |
Literatura picaresca española. |
| 700 1# - ASIENTO SECUNDARIO -- NOMBRE PERSONAL |
| Nombre personal |
Hurtado de Mendoza, Diego |
| Fechas asociadas con el nombre |
1503-1575. |
| Mención de responsabilidad |
adaptación |
| Título de una obra |
El Lazarillo de Tormes |
| 740 ## - ASIENTO SECUNDARIO DE TÍTULOS RELACIONADOS O ANALÍTICOS NO CONTROLADOS |
| Título analítico o relacionado no controlado |
Los habladores |
| 740 ## - ASIENTO SECUNDARIO DE TÍTULOS RELACIONADOS O ANALÍTICOS NO CONTROLADOS |
| Título analítico o relacionado no controlado |
El retablo de las maravillas |
| 910 ## - VALIDACIÓN |
| Validación |
VMateo V. Control de calidad. BPMSU |
| 942 ## - ADDED ENTRY ELEMENTS (KOHA) |
| Source of classification or shelving scheme |
Dewey Decimal Classification |
| Koha item type |
Libros |